000
00280nam a22001337a 4500
008
221212b ||||| |||| 00| 0 eng d
041
_a
eng
080
_a
61
082
_a
61SAN
100
_a
4
101
_a
MJEKS
245
_a
EPILEPSY A HANDBOOK
_c
SANDS .H
942
_2
udc
_c
BK
999
_c
59160
_d
59160